01885nam a22001817a 4500003000400000005001700004008004100021082001600062100001500078245003000093250001700123260005200140300006600192490001600258520116400274650024701438700001801685OSt20260326102140.0260326b |||||||| |||| 00| 0 esp d 20789918250  aMax Lucado aÉl escogió los clavos a1ra edicion  amiami b Editorial Unilit / Spanish Housec2011 a224 páginas.bpapel bond económico,c10.8 x 1.3 x 17.1 cm 3Tapa blanda a El simbolismo de los objetos Cada capítulo toma un elemento de la Pasión y explica qué significa para nosotros hoy: Los clavos: Representan el perdón de los pecados. Lucado explica que Dios no solo clavó las manos de Jesús, sino también nuestra "lista de deudas" pendientes. La corona de espinas: Simboliza que Jesús llevó sobre sí nuestros pensamientos pecaminosos, la ansiedad y el orgullo. La túnica (sin costura): Refleja la integridad de Cristo y cómo Él nos viste con su justicia, en lugar de nuestros propios "trapos" sucios. El letrero (INRI): Demuestra que el mensaje de Dios es para todos los idiomas y naciones, sin exclusión. Una invitación personal El tema central es que Dios tuvo el control en todo momento. Lucado argumenta que Jesús no fue una víctima de las circunstancias; Él "escogió" los clavos. Pudo haberse bajado de la cruz, pero se quedó allí por amor. El enfoque de la "Serie Favoritos" Como esta edición pertenece a la serie Favoritos, el lenguaje es sumamente sencillo, directo y lleno de anécdotas cotidianas que hacen que la teología sea fácil de entender para cualquier lector. aTérmino: Jesucristo — Pasión. Término alternativo: Vida cristiana. Nombre geográfico (si aplica): Jerusalén.xSubdivisión: — Aspectos religiosos — Cristianismo. Subdivisión de forma: — Meditaciones yPeriodo: — Siglo I a Lucado, Max.